[Event "Moia op 5th"]
[Site "Moia"]
[Date "2016.11.11"]
[Round "7"]
[White "Barcons Gallach, Alfonso"]
[Black "Rovira Morancho, Miquel"]
[Result "1-0"]
[WhiteElo "1894"]
[BlackElo "1568"]
[PlyCount "125"]
[EventDate "2016.09.23"]
[EventType "swiss"]
[EventRounds "8"]
[EventCountry "ESP"]
[SourceTitle "EXT 2018"]
[Source "ChessBase"]
[SourceDate "2017.10.13"]
[SourceVersion "1"]
[SourceVersionDate "2017.10.13"]
[SourceQuality "1"]

1. e4 c6 2. d4 d5 3. exd5 cxd5 4. c4 Nf6 5. Nc3 e6 6. Nf3 Bb4 7. Bd3 dxc4 8. Bxc4 Bxc3+ 9. bxc3 0-0 10. 0-0 Qc7 11. Ne5 b6 12. Bf4 Bb7 13. Qe2 Nbd7 14. Ng6 Qc6 15. d5 Qc5 16. Nxf8 exd5 17. Nxd7 Nxd7 18. Be3 Qxc4 19. Qxc4 dxc4 20. Rfd1 Nf6 21. Rd4 Rc8 22. Rad1 Kf8 23. Rd8+ Rxd8 24. Rxd8+ Ke7 25. Rb8 Bd5 26. Bg5 Kd7 27. Bxf6 gxf6 28. Rh8 Be4 29. f3 Bc2 30. Kf2 Kc6 31. Ke3 a5 32. Kd2 Bd3 33. Kc1 Kd6 34. Rb8 Kc7 35. Rf8 Bg6 36. Kb2 Kd6 37. Re8 Bd3 38. g3 Kd7 39. Rb8 Kc6 40. Rd8 Be2 41. f4 h5 42. Rf8 f5 43. Rxf7 Bd3 44. Rh7 Be2 45. Re7 Bd3 46. Re5 Be4 47. Ka3 Bd3 48. Re6+ Kc5 49. Rg6 Be2 50. Kb2 b5 51. a3 b4 52. Re6 bxa3+ 53. Kxa3 Bd3 54. Ka4 Kd5 55. Re5+ Kd6 56. Kxa5 Kc6 57. Kb4 Kc7 58. Re6 Kd7 59. Rh6 Be2 60. Kc5 Ke7 61. Kd5 Kf7 62. Ke5 Bg4 63. Rc6 1-0